|
|
|
|
| LEADER |
00821nab a2200229 i 4500 |
| 001 |
misc64636 |
| 005 |
20241007130055.0 |
| 008 |
230720s1859 hu o 000 ger d |
| 040 |
|
|
|a SZTE Miscellanea Repozitórium
|b hun
|
| 041 |
|
|
|a ger
|
| 100 |
1 |
|
|a Schiefner Anton
|
| 245 |
1 |
0 |
|a Beiträge zur Kenntniss der tungusischen Mundarten
|h [elektronikus dokumentum] /
|c Schiefner Anton
|
| 260 |
|
|
|c 1859
|
| 300 |
|
|
|a 682-706
|c 24 cm
|
| 300 |
|
|
|a [25] p.
|c 24 cm
|
| 490 |
0 |
|
|a Bulletin de la Classe Historico-philologique de l'Académie Impériale des Sciences de St.-Pétersbourg
|
| 561 |
|
|
|a Németh Gyula hagyaték
|
| 591 |
|
|
|a NOA 5344
|
| 650 |
|
4 |
|a Bölcsészettudományok
|
| 650 |
|
4 |
|a Nyelvek és irodalom
|
| 695 |
|
|
|a Tunguz nyelvjárás
|
| 856 |
4 |
0 |
|u http://misc.bibl.u-szeged.hu/64636/1/5344_noa.pdf
|z Dokumentum-elérés
|